000 00694nam a2200229Ia 4500
003 OSt
005 20220926030257.0
006 a|||||r|||| 00| 0
007 ta
008 220923b |||||||| |||| 00| 0 eng d
037 _cGeneral Book
040 _aRTL
_cRTL
_beng
041 _2eng
_aeng
082 _aXM.1.N84, M4
100 _aAkrasanee Narovgehai
_9333963
245 0 _aAsean Economics and Asean Economic Co-operation
260 _aPhilipines
_bAsian development Bank
_c1984
300 _aiii; 43p.
_ccm.
490 _aAsian development Bank Economic Staff Paper no.23
942 _hXM.1.N84, M4
_cGB
_2CC
999 _c649173
_d649173